[Event "GRE-ch U18"]
[Site "Chania"]
[Date "2021.07.15"]
[Round "1"]
[White "Tzagarakis, Panagiotis"]
[Black "Georgakakis, Michail"]
[Result "1-0"]
[WhiteElo "2042"]
[BlackElo "1334"]
[PlyCount "49"]
[EventDate "2021.07.15"]
[EventType "swiss"]
[EventRounds "9"]
[EventCountry "GRE"]
[SourceTitle "EXT 2022"]
[Source "ChessBase"]
[SourceDate "2021.10.06"]
[SourceVersion "1"]
[SourceVersionDate "2021.10.06"]
[SourceQuality "1"]

1. e4 d5 2. exd5 Qxd5 3. Nc3 Qd8 4. d4 Nf6 5. Nf3 Bf5 6. Ne5 c6 7. Bc4 e6 8. g4 Be4 9. Nxe4 Nxe4 10. Qf3 Nd6 11. Bb3 Nd7 12. Bf4 Nxe5 13. dxe5 Nb5 14. c3 Bc5 15. 0-0 0-0 16. Rad1 Qe7 17. Bc2 Rad8 18. a4 Nc7 19. b4 Bxb4 20. Qe4 Qh4 21. Bg5 Qh3 22. Bxd8 Nd5 23. Bg5 Nxc3 24. Qg2 Ne2+ 25. Kh1 1-0

[Event "Heraklion op 24th"]
[Site "Heraklion"]
[Date "2018.09.07"]
[Round "6"]
[White "Georgakakis, Michail"]
[Black "Papidakis, Georgios"]
[Result "0-1"]
[WhiteElo "1335"]
[BlackElo "1645"]
[PlyCount "74"]
[EventDate "2018.09.03"]
[EventType "swiss"]
[EventRounds "9"]
[EventCountry "GRE"]
[SourceTitle "CBM 186 Extra"]
[Source "ChessBase"]
[SourceDate "2018.08.24"]
[SourceVersion "1"]
[SourceVersionDate "2018.08.24"]
[SourceQuality "1"]

1. d4 Nf6 2. Nf3 e6 3. e3 d5 4. Bd3 c5 5. b3 Bd6 6. Nbd2 Nc6 7. a3 0-0 8. Bb2 b6 9. 0-0 Bb7 10. Ne5 Ne7 11. f4 Nf5 12. Qe2 Ne4 13. g4 Nh4 14. Bxe4 dxe4 15. Qe1 Rc8 16. c4 Qe7 17. g5 Nf5 18. dxc5 Bxe5 19. Bxe5 Qxc5 20. Kf2 Rfd8 21. b4 Qe7 22. Rg1 Rd3 23. Nf1 Qd7 24. Bb2 Nh4 25. Qc1 Rd8 26. Bc3 Nf5 27. Rb1 Qc7 28. Be5 Qd7 29. Bc3 Qa4 30. Ke2 Ba6 31. Bb2 Qd7 32. Bc3 Bxc4 33. Kf2 b5 34. Bb2 Qb7 35. Be5 Qb6 36. Bc3 a6 37. Be5 Rd2+ 0-1

[Event "Heraklion op 24th"]
[Site "Heraklion"]
[Date "2018.09.06"]
[Round "5"]
[White "Stratigi, Evangelia"]
[Black "Georgakakis, Michail"]
[Result "1/2-1/2"]
[WhiteElo "1678"]
[BlackElo "1335"]
[PlyCount "81"]
[EventDate "2018.09.03"]
[EventType "swiss"]
[EventRounds "9"]
[EventCountry "GRE"]
[SourceTitle "CBM 186 Extra"]
[Source "ChessBase"]
[SourceDate "2018.08.24"]
[SourceVersion "1"]
[SourceVersionDate "2018.08.24"]
[SourceQuality "1"]

1. e4 d6 2. Nf3 Nf6 3. c3 g6 4. Bd3 Bg7 5. Bc2 a6 6. 0-0 Nbd7 7. Re1 0-0 8. d4 c6 9. h3 b5 10. Bb3 e5 11. Bg5 Qc7 12. Nbd2 Bb7 13. Nf1 c5 14. d5 c4 15. Bc2 Nc5 16. Qd2 Ne8 17. Ng3 f6 18. Bh6 a5 19. Bxg7 Nxg7 20. b4 axb4 21. cxb4 Na4 22. Bxa4 Rxa4 23. a3 Ra7 24. Ne2 f5 25. Nc3 Ba6 26. Qh6 fxe4 27. Rxe4 Nf5 28. Qg5 Qe7 29. Qxe7 Rxe7 30. a4 Rb7 31. a5 h6 32. g4 Ng7 33. Kg2 Rbf7 34. Re3 Kh7 35. Ra2 Ne8 36. Ne4 Rd7 37. h4 Kg7 38. Rae2 Nf6 39. Nxf6 Rxf6 40. Kg3 Bb7 41. Rd2 1/2-1/2

[Event "Heraklion op 24th"]
[Site "Heraklion"]
[Date "2018.09.04"]
[Round "2"]
[White "Georgakakis, Michail"]
[Black "Fragiadakis, Emanouel"]
[Result "1/2-1/2"]
[WhiteElo "1335"]
[BlackElo "1784"]
[PlyCount "59"]
[EventDate "2018.09.03"]
[EventType "swiss"]
[EventRounds "9"]
[EventCountry "GRE"]
[SourceTitle "CBM 186 Extra"]
[Source "ChessBase"]
[SourceDate "2018.08.24"]
[SourceVersion "1"]
[SourceVersionDate "2018.08.24"]
[SourceQuality "1"]

1. d4 d5 2. Nf3 e6 3. e3 Nf6 4. b3 c5 5. Bd3 b6 6. Nbd2 Bb7 7. Bb2 Be7 8. 0-0 0-0 9. c4 Ne4 10. Qc2 f5 11. cxd5 exd5 12. Ne5 Nd7 13. f4 Rc8 14. Qd1 Ndf6 15. Nxe4 dxe4 16. Bc4+ Bd5 17. Qe2 cxd4 18. Bxd4 Bc5 19. Rfd1 Bxd4 20. Rxd4 Bxc4 21. bxc4 Qe7 22. Rad1 Rfd8 23. Nc6 Rxc6 24. Rxd8+ Kf7 25. R8d4 Qa3 26. h3 Qc3 27. Kh2 h5 28. R1d2 Rc5 29. Rc2 Qa3 30. Rcd2 1/2-1/2